[Event "SV Castrop-Rauxel 1 - SV Dinslaken 1"]
[Site "NRW-Klasse, Gruppe 1 2012/201"]
[Date "2013.01.20"]
[Round "5.8"]
[White "Friedl, Thomas"]
[Black "Wokrina, Andre"]
[Result "1-0"]
[WhiteElo "2088"]
[BlackElo "2035"]
[PlyCount "61"]
[EventDate "2013.??.??"]
[WhiteTeam "SV Castrop-Rauxel 1"]
[BlackTeam "SV Dinslaken 1"]

1. d4 e6 2. e4 d5 3. exd5 exd5 4. Bd3 c5 5. Qe2+ Be7 6. dxc5 Nf6 7. Bg5 O-O 8.
Nd2 Bxc5 9. O-O-O Nc6 10. Nb3 Be7 11. c3 Bg4 12. f3 Be6 13. Nd4 Nxd4 14. cxd4
Ne8 15. Bxe7 Qxe7 16. Kb1 Nd6 17. Nh3 Qd7 18. g4 Rac8 19. Nf4 Rfe8 20. Qf2 Qd8
21. Rhe1 Nc4 22. Re2 Qd6 23. Nh5 Bd7 24. Rxe8+ Bxe8 25. Bxc4 Rxc4 26. Qe3 Qg6+
27. Ka1 Rc8 28. Re1 Bc6 29. Ng3 Qd6 30. Nf5 Qd7 31. Ne7+ 1-0

[Event "Langenfelder SF 1 - SV Letmathe 1"]
[Site "NRW-Klasse, Gruppe 1 2012/201"]
[Date "2013.01.20"]
[Round "5.1"]
[White "Podzielny, Karl-Heinz"]
[Black "Stoeber, Michael"]
[Result "1-0"]
[WhiteElo "2357"]
[BlackElo "2199"]
[PlyCount "73"]
[EventDate "2013.??.??"]
[WhiteTeam "SV Letmathe 1"]
[BlackTeam "Langenfelder SF 1"]

1. d4 Nf6 2. Nf3 g6 3. c4 Bg7 4. Nc3 O-O 5. e4 d6 6. Be2 e5 7. O-O Nbd7 8. Re1
c6 9. Bf1 Re8 10. d5 c5 11. a3 Rf8 12. b4 Ne8 13. Rb1 h6 14. g3 Kh7 15. Nh4 Bf6
16. Ng2 Bg7 17. h4 h5 18. Bd3 Bh6 19. Ne3 Ng7 20. Qc2 Qe7 21. Bd2 f6 22. Qc1
Qf7 23. Bc2 Kg8 24. Rf1 f5 25. exf5 gxf5 26. Nb5 Qf6 27. f4 exf4 28. Ng2 a6 29.
Nc7 Qd4+ 30. Kh1 fxg3 31. Bf4 Rb8 32. Rb3 Nf6 33. Rxg3 Bxf4 34. Rxf4 Qe5 35.
Re3 Ne4 36. Bxe4 fxe4 37. Rexe4 1-0

[Event "Langenfelder SF 1 - SV Letmathe 1"]
[Site "NRW-Klasse, Gruppe 1 2012/201"]
[Date "2013.01.20"]
[Round "5.2"]
[White "Rechmann, Peter"]
[Black "Adamski, Jan"]
[Result "1/2-1/2"]
[WhiteElo "2255"]
[BlackElo "2299"]
[PlyCount "22"]
[EventDate "2013.??.??"]
[WhiteTeam "Langenfelder SF 1"]
[BlackTeam "SV Letmathe 1"]

1. c4 e5 2. Nc3 Bb4 3. Nf3 Bxc3 4. dxc3 Nc6 5. e4 d6 6. Bd3 Nge7 7. Nh4 O-O 8.
Qf3 Ng6 9. Nxg6 fxg6 10. Qg3 Be6 11. Be3 b6 1/2-1/2

[Event "Langenfelder SF 1 - SV Letmathe 1"]
[Site "NRW-Klasse, Gruppe 1 2012/201"]
[Date "2013.01.20"]
[Round "5.3"]
[White "Webb, Laurence"]
[Black "Homuth, Wolfgang"]
[Result "1-0"]
[WhiteElo "2250"]
[BlackElo "2197"]
[PlyCount "159"]
[EventDate "2013.??.??"]
[WhiteTeam "SV Letmathe 1"]
[BlackTeam "Langenfelder SF 1"]

1. e4 d6 2. d4 Nf6 3. Nc3 g6 4. Nf3 Bg7 5. Be3 c6 6. Qd2 b5 7. Bd3 Nbd7 8. h3
e5 9. O-O Bb7 10. dxe5 dxe5 11. a4 b4 12. Ne2 c5 13. Ng3 O-O 14. Rfd1 Bc6 15.
Qe2 Qc7 16. Nd2 Rab8 17. Bb5 Rfd8 18. Qc4 Bxb5 19. axb5 Ne8 20. Qa2 Nd6 21.
Qxa7 Qxa7 22. Rxa7 Nxb5 23. Ra5 Nd4 24. c3 bxc3 25. bxc3 Nc2 26. Nc4 Nxe3 27.
Nxe3 Bh6 28. Ng4 Bg5 29. Nf1 h5 30. Ngh2 Rb7 31. Nf3 Be7 32. Ne3 Rdb8 33. Nd5
Bf8 34. g3 Rb1 35. Rxb1 Rxb1+ 36. Kg2 Rb7 37. Ra8 Kg7 38. Nd2 Nb6 39. Nxb6 Rxb6
40. Nc4 Re6 41. Ra7 Kf6 42. Kf3 Re8 43. Ra6+ Re6 44. Rb6 Rxb6 45. Nxb6 Ke6 46.
Ke2 Kd6 47. Nc4+ Ke6 48. Kd3 f5 49. Ne3 Bh6 50. Nd5 Bf8 51. f3 Bh6 52. Kc4 fxe4
53. fxe4 Kd6 54. Kb5 Bd2 55. g4 hxg4 56. hxg4 Be1 57. Kc4 Bf2 58. Nb6 Kc6 59.
Na4 Bg1 60. Nb2 Be3 61. Nd3 Kd6 62. Ne1 Bg1 63. Nf3 Bf2 64. Kb5 Bg3 65. c4 Bf2
66. Kb6 Bg3 67. Kb7 Bf2 68. Kc8 Bg3 69. Kd8 Ke6 70. Ke8 Kf6 71. g5+ Kg7 72. Ke7
Bf4 73. Ke6 Kh7 74. Kd5 Kg7 75. Kxc5 Kf7 76. Kd6 Ke8 77. Ke6 Kd8 78. Kf6 Kc7
79. Nxe5 Kd6 80. Nd3 1-0

[Event "Langenfelder SF 1 - SV Letmathe 1"]
[Site "NRW-Klasse, Gruppe 1 2012/201"]
[Date "2013.01.20"]
[Round "5.4"]
[White "Reinemer, Frank"]
[Black "Oswald, Hans-Joachim"]
[Result "1/2-1/2"]
[WhiteElo "2169"]
[BlackElo "2210"]
[PlyCount "38"]
[EventDate "2013.??.??"]
[WhiteTeam "Langenfelder SF 1"]
[BlackTeam "SV Letmathe 1"]

1. d4 Nf6 2. c4 c5 3. d5 b5 4. cxb5 a6 5. Nc3 axb5 6. e4 b4 7. Nb5 d6 8. Bf4 g5
9. Bxg5 Nxe4 10. Nf3 Bg7 11. Qb3 Nxg5 12. Nxg5 h6 13. Ne4 O-O 14. Be2 Nd7 15.
O-O f5 16. Nd2 f4 17. a3 bxa3 18. Rxa3 Rxa3 19. bxa3 Ne5 1/2-1/2

[Event "Langenfelder SF 1 - SV Letmathe 1"]
[Site "NRW-Klasse, Gruppe 1 2012/201"]
[Date "2013.01.20"]
[Round "5.5"]
[White "Soukup, Jiri"]
[Black "Huelsmann, Josef"]
[Result "1-0"]
[WhiteElo "2278"]
[BlackElo "2128"]
[PlyCount "79"]
[EventDate "2013.??.??"]
[WhiteTeam "SV Letmathe 1"]
[BlackTeam "Langenfelder SF 1"]

1. e4 e6 2. f4 d5 3. e5 c5 4. Nf3 Nc6 5. d3 Nh6 6. Be3 Nf5 7. Bf2 h5 8. g3 Bd7
9. Bg2 Rc8 10. O-O Be7 11. Nbd2 Kf8 12. c4 Nb4 13. Nb3 Ba4 14. Qd2 Qb6 15. cxd5
Nxd5 16. Rfc1 g6 17. Na5 Kg7 18. Nc4 Qd8 19. h3 b6 20. g4 hxg4 21. hxg4 Nh6 22.
Nh2 Bc6 23. d4 cxd4 24. Nd6 Bxd6 25. exd6 Qxd6 26. Bxd4+ f6 27. g5 Ng8 28. Ng4
Rh4 29. gxf6+ Kf8 30. Ne5 Rh6 31. f5 g5 32. f7 Rh7 33. fxg8=Q+ Kxg8 34. Qxg5+
Kf8 35. fxe6 Ne7 36. Qf4+ Kg8 37. Qg4+ Kf8 38. Rf1+ Ke8 39. Rf7 Be4 40. Qxe4
1-0

[Event "Langenfelder SF 1 - SV Letmathe 1"]
[Site "NRW-Klasse, Gruppe 1 2012/201"]
[Date "2013.01.20"]
[Round "5.6"]
[White "Vogelmann, Peter"]
[Black "Gruermann, Martin"]
[Result "1/2-1/2"]
[WhiteElo "2169"]
[BlackElo "2144"]
[PlyCount "68"]
[EventDate "2013.??.??"]
[WhiteTeam "Langenfelder SF 1"]
[BlackTeam "SV Letmathe 1"]

1. e4 Nf6 2. e5 Nd5 3. Nc3 Nxc3 4. bxc3 d6 5. f4 g6 6. d4 Bg7 7. Nf3 O-O 8. Bd3
c5 9. O-O dxe5 10. dxe5 Qa5 11. c4 Nc6 12. Bd2 Qa4 13. a3 Be6 14. Qe2 Rfd8 15.
Bc3 h6 16. h3 Rac8 17. g4 Nd4 18. Bxd4 cxd4 19. Nd2 Bd7 20. f5 Rc5 21. fxg6
fxg6 22. Qe4 Be8 23. Nf3 Qc6 24. Qf4 Qe6 25. Rae1 Qf7 26. Qe4 Bc6 27. e6 Qxf3
28. Rxf3 Bxe4 29. Rxe4 Rf8 30. Rxf8+ Kxf8 31. Rf4+ Bf6 32. Bxg6 Rxc4 33. h4 Kg7
34. Bd3 Rc5 1/2-1/2

[Event "Langenfelder SF 1 - SV Letmathe 1"]
[Site "NRW-Klasse, Gruppe 1 2012/201"]
[Date "2013.01.20"]
[Round "5.7"]
[White "Haude, Ruediger"]
[Black "Deppe, Arne"]
[Result "0-1"]
[WhiteElo "2069"]
[BlackElo "2113"]
[PlyCount "102"]
[EventDate "2013.??.??"]
[WhiteTeam "SV Letmathe 1"]
[BlackTeam "Langenfelder SF 1"]

1. Nf3 Nf6 2. c4 d6 3. d4 Nbd7 4. Nc3 e5 5. d5 Be7 6. Qc2 a5 7. e4 O-O 8. h3
Nc5 9. Be2 Bd7 10. Be3 Na6 11. Rd1 Ne8 12. g4 c5 13. dxc6 bxc6 14. Qd2 Be6 15.
c5 Qb8 16. O-O Nxc5 17. Bxc5 dxc5 18. Qc2 f6 19. b3 Qb4 20. Na4 h5 21. Nh4 hxg4
22. hxg4 g5 23. Nf5 Bxf5 24. Bc4+ Kg7 25. gxf5 Nd6 26. Rxd6 Bxd6 27. Qd1 Qb8
28. f4 exf4 29. e5 Qe8 30. exd6 Qe3+ 31. Rf2 Rh8 32. Qf3 Rh3 33. Qxe3 fxe3 34.
Rg2 Rd8 35. Re2 Rxd6 36. Kg2 g4 37. Nxc5 Rd1 38. Ne6+ Kh6 39. Nf4 Rf3 40. Nd3
Kg5 41. Ne1 Kf4 42. Nd3+ Kxf5 43. a4 Ke4 44. Nc5+ Kd4 45. Nb7 f5 46. Nxa5 Kc5
47. b4+ Kb6 48. Nb3 f4 49. a5+ Ka7 50. Nc5 Rg3+ 51. Kh2 Rh3+ 0-1

[Event "Langenfelder SF 1 - SV Letmathe 1"]
[Site "NRW-Klasse, Gruppe 1 2012/201"]
[Date "2013.01.20"]
[Round "5.8"]
[White "Weber, Franz-Josef"]
[Black "Pfleger, Sascha"]
[Result "1/2-1/2"]
[WhiteElo "1989"]
[BlackElo "2016"]
[PlyCount "83"]
[EventDate "2013.??.??"]
[WhiteTeam "Langenfelder SF 1"]
[BlackTeam "SV Letmathe 1"]

1. e4 e6 2. d3 c5 3. Nf3 Nf6 4. g3 Be7 5. Bg2 Nc6 6. O-O b5 7. a4 b4 8. Re1 O-O
9. Nbd2 a5 10. e5 Nd5 11. Ne4 f5 12. exf6 Nxf6 13. Neg5 Nd5 14. h4 h6 15. Nh3
Bf6 16. Nd2 Nd4 17. Ne4 Be7 18. c3 Nf5 19. c4 Nc7 20. Bf4 Ra6 21. Rc1 d6 22.
Be3 e5 23. f4 Nxe3 24. Rxe3 Bxh3 25. Bxh3 exf4 26. Rf3 d5 27. cxd5 Qxd5 28.
gxf4 Rg6+ 29. Kh2 Bd6 30. Qd2 Kh8 31. Qf2 Ne6 32. Bxe6 Rxe6 33. Nxc5 Ref6 34.
Rc4 Rxf4 35. Rfxf4 Rxf4 36. Rxf4 g5 37. hxg5 hxg5 38. d4 Bxf4+ 39. Kg1 Qf5 40.
Qe2 Qb1+ 41. Kg2 Qf5 42. Qe8+ 1/2-1/2

[Event "SG Bochum 2 - LSV Turm Lippstadt 1"]
[Site "NRW-Klasse, Gruppe 1 2012/201"]
[Date "2013.01.20"]
[Round "5.1"]
[White "Wehmeier, Stefan"]
[Black "Tkachuk, Konstantyn"]
[Result "1/2-1/2"]
[WhiteElo "2388"]
[BlackElo "2215"]
[PlyCount "111"]
[EventDate "2013.??.??"]
[WhiteTeam "LSV Turm Lippstadt 1"]
[BlackTeam "SG Bochum 2"]

1. d4 Nf6 2. c4 g6 3. Nc3 Bg7 4. e4 d6 5. Nf3 O-O 6. Be2 e5 7. Be3 Nc6 8. d5
Ne7 9. Nd2 Ne8 10. O-O f5 11. f3 f4 12. Bf2 g5 13. c5 Ng6 14. Nc4 Rf7 15. cxd6
cxd6 16. Nb5 a6 17. Nb6 Rb8 18. Na3 h5 19. h3 Bf8 20. Rc1 Nh4 21. Rc3 Rg7 22.
Qc2 Bd7 23. Nxd7 Qxd7 24. Nc4 b5 25. Nb6 Qf7 26. Rc1 Rb7 27. a4 Nf6 28. axb5
axb5 29. Rb3 g4 30. fxg4 hxg4 31. Bxh4 gxh3 32. Rxh3 Rxb6 33. Bxf6 Qxf6 34. Qc8
Qg6 35. Bf3 Rbb7 36. Rh4 Qf6 37. Rh5 Rbf7 38. Kf2 Rg5 39. Rch1 Rxh5 40. Rxh5
Rh7 41. Qg4+ Kh8 42. Rf5 Qg7 43. Qxg7+ Kxg7 44. Ke2 Be7 45. Bh5 Bf6 46. Kd3 Rh8
47. Kc3 Rb8 48. Kb4 Bh4 49. Rf7+ Kh6 50. Be2 Be1+ 51. Kb3 Kg5 52. Rg7+ Kf6 53.
Rd7 Rb6 54. Bg4 Bf2 55. Rc7 Bc5 56. Bc8 1/2-1/2

[Event "SG Bochum 2 - LSV Turm Lippstadt 1"]
[Site "NRW-Klasse, Gruppe 1 2012/201"]
[Date "2013.01.20"]
[Round "5.2"]
[White "Kitte, Sebastian"]
[Black "Matthias, Heiner"]
[Result "1/2-1/2"]
[WhiteElo "2244"]
[BlackElo "2320"]
[PlyCount "37"]
[EventDate "2013.??.??"]
[WhiteTeam "SG Bochum 2"]
[BlackTeam "LSV Turm Lippstadt 1"]

1. d4 d5 2. c4 e6 3. Nc3 c6 4. e3 Nd7 5. Qc2 Ngf6 6. Nf3 Bd6 7. g4 dxc4 8. Bxc4
a6 9. Rg1 b5 10. Be2 Bb7 11. e4 e5 12. g5 Ng8 13. Be3 Ne7 14. O-O-O Qc7 15.
dxe5 Nxe5 16. Nxe5 Bxe5 17. Bg4 Bc8 18. h4 O-O 19. Bxc8 1/2-1/2

[Event "SG Bochum 2 - LSV Turm Lippstadt 1"]
[Site "NRW-Klasse, Gruppe 1 2012/201"]
[Date "2013.01.20"]
[Round "5.3"]
[White "Jesse, Ingemars"]
[Black "Kahleys, Kevin"]
[Result "1-0"]
[WhiteElo "2238"]
[BlackElo "2192"]
[PlyCount "191"]
[EventDate "2013.??.??"]
[WhiteTeam "LSV Turm Lippstadt 1"]
[BlackTeam "SG Bochum 2"]

1. c4 Nf6 2. Nc3 e6 3. e4 d5 4. exd5 exd5 5. d4 Be7 6. Bd3 O-O 7. Nge2 Re8 8.
O-O h6 9. cxd5 Nbd7 10. Bc2 Nf8 11. Nf4 Bd6 12. f3 a6 13. a4 b6 14. Be4 Bd7 15.
Nd3 Rb8 16. Bf4 b5 17. Bxd6 cxd6 18. axb5 Bxb5 19. Nxb5 Rxb5 20. Rxa6 Nxe4 21.
fxe4 Re7 22. Qa4 Rb6 23. Qa5 Rb8 24. Qxd8 Rxd8 25. Re1 Nh7 26. e5 dxe5 27. d6
Re6 28. dxe5 f6 29. Ra7 fxe5 30. d7 Nf6 31. Rxe5 Rd6 32. Nf2 R8xd7 33. Rxd7
Rxd7 34. Rb5 Rd2 35. Rb7 Kh7 36. h3 h5 37. Rb3 Kg6 38. Rb7 Kh6 39. Rb8 Kg6 40.
Rb6 Kf5 41. Rb7 Kg6 42. Rb8 Kf5 43. Rb3 Kg6 44. Rg3+ Kh6 45. b3 Rb2 46. Rf3 Kg6
47. Nd3 Rd2 48. Ne5+ Kh6 49. Rf2 Rd1+ 50. Rf1 Rd5 51. Nc4 Kg5 52. Kh2 h4 53.
Ra1 Kf4 54. Ra7 Rb5 55. Rxg7 Rxb3 56. Nd2 Rb4 57. Nf3 Kf5 58. Rg5+ Ke6 59. Rg6
Kf5 60. Rh6 Rb2 61. Nxh4+ Kg5 62. Rg6+ Kxh4 63. Rxf6 Ra2 64. Rb6 Rc2 65. Rb4+
Kg5 66. h4+ Kh5 67. Kh3 Rc3+ 68. g3 Ra3 69. Rb5+ Kh6 70. h5 Ra4 71. g4 Ra1 72.
Rb6+ Kg5 73. Rg6+ Kf4 74. h6 Rh1+ 75. Kg2 Rh4 76. g5 Kf5 77. Rg7 Ra4 78. h7
Ra2+ 79. Kf1 Ra1+ 80. Ke2 Ra2+ 81. Kd3 Ra3+ 82. Kc2 Rh3 83. g6 Kf6 84. Rg8 Rh2+
85. Kd1 Kg5 86. h8=Q Rf2 87. Qe5+ Kh4 88. g7 Kg4 89. Qd4+ Kg5 90. Qxf2 Kg6 91.
Qf4 Kh7 92. Rh8+ Kxg7 93. Qh6+ Kf7 94. Rf8+ Ke7 95. Qf6+ Kd7 96. Rf7+ 1-0

[Event "SG Bochum 2 - LSV Turm Lippstadt 1"]
[Site "NRW-Klasse, Gruppe 1 2012/201"]
[Date "2013.01.20"]
[Round "5.4"]
[White "Schlawin, Marlon"]
[Black "Tran, Duc Cuong"]
[Result "1-0"]
[WhiteElo "2216"]
[BlackElo "2054"]
[PlyCount "85"]
[EventDate "2013.??.??"]
[WhiteTeam "SG Bochum 2"]
[BlackTeam "LSV Turm Lippstadt 1"]

1. e4 c5 2. Nf3 e6 3. c3 Nf6 4. e5 Nd5 5. d4 cxd4 6. cxd4 Nc6 7. Bc4 d6 8. O-O
Be7 9. a3 O-O 10. Qe2 Qc7 11. Rd1 Bd7 12. Bd3 Rac8 13. Qe4 f5 14. exf6 Nxf6 15.
Qe2 d5 16. Nc3 a6 17. h3 Rce8 18. Bg5 Kh8 19. Rac1 Qd6 20. Bb1 Bd8 21. Ne5 g6
22. Bf4 Nxe5 23. dxe5 Qb8 24. Bh6 Nh5 25. Bxf8 Rxf8 26. Qe3 Ng7 27. Re1 b5 28.
Qh6 Kg8 29. Nd1 Nf5 30. Bxf5 Rxf5 31. Ne3 Bg5 32. Nxf5 Bxh6 33. Nxh6+ Kf8 34.
b4 Qb7 35. Ng4 Bc6 36. Rc5 h5 37. Nf6 d4 38. Rec1 d3 39. Rxc6 d2 40. Rc8+ Kg7
41. Rg8+ Kf7 42. Rd1 Qc6 43. Rd8 1-0

[Event "SG Bochum 2 - LSV Turm Lippstadt 1"]
[Site "NRW-Klasse, Gruppe 1 2012/201"]
[Date "2013.01.20"]
[Round "5.5"]
[White "Roemhild, Marcus"]
[Black "Mazarov, Juergen"]
[Result "1-0"]
[WhiteElo "2016"]
[BlackElo "2131"]
[PlyCount "73"]
[EventDate "2013.??.??"]
[WhiteTeam "LSV Turm Lippstadt 1"]
[BlackTeam "SG Bochum 2"]

1. c4 c6 2. g3 d5 3. Bg2 Nf6 4. b3 e5 5. Bb2 Bc5 6. e3 Qe7 7. Ne2 O-O 8. O-O
dxc4 9. bxc4 Rd8 10. Qc2 Bg4 11. Nbc3 Na6 12. a3 Qe6 13. f3 Bf5 14. Ne4 Nxe4
15. fxe4 Bg4 16. Bf3 f6 17. d4 Bb6 18. c5 Bxf3 19. Rxf3 Bc7 20. Raf1 Rd7 21.
Rf5 Re8 22. dxe5 Bxe5 23. Bxe5 fxe5 24. Nc1 b6 25. cxb6 axb6 26. Nd3 Nc5 27.
Rxe5 Rxd3 28. Rxe6 Rxe6 29. a4 Ra3 30. Qb2 Rb3 31. Qd4 Rd3 32. Qb2 Rb3 33. Qc2
Ra3 34. e5 Rxe5 35. Qb2 Raxe3 36. Qxb6 Nxa4 37. Qa7 1-0

[Event "SG Bochum 2 - LSV Turm Lippstadt 1"]
[Site "NRW-Klasse, Gruppe 1 2012/201"]
[Date "2013.01.20"]
[Round "5.6"]
[White "Werthebach, Felix"]
[Black "Wagner, Alexej"]
[Result "1/2-1/2"]
[WhiteElo "2145"]
[BlackElo "2085"]
[PlyCount "99"]
[EventDate "2013.??.??"]
[WhiteTeam "SG Bochum 2"]
[BlackTeam "LSV Turm Lippstadt 1"]

1. c4 c5 2. g3 Nc6 3. Bg2 g6 4. Nc3 Bg7 5. a3 a5 6. d3 d6 7. Nf3 e6 8. O-O Nge7
9. e4 O-O 10. Rb1 b6 11. Ne1 Bb7 12. Nc2 Nd4 13. Nxd4 cxd4 14. Nb5 Qd7 15. Re1
Bc6 16. a4 e5 17. Bd2 f5 18. Bh3 h6 19. f3 Qd8 20. b4 axb4 21. Bxb4 Rf6 22. Ra1
Kh7 23. Qe2 Bb7 24. Bd2 Nc6 25. exf5 gxf5 26. f4 Qd7 27. Bg2 Re8 28. Qh5 Na5
29. Nc7 Re7 30. Bxb7 Qxc7 31. Bxa5 bxa5 32. Bd5 exf4 33. gxf4 Re3 34. Rab1 Qe7
35. Kf2 Rf8 36. Qh3 Qd7 37. Rxe3 dxe3+ 38. Qxe3 Qxa4 39. Rb7 Qc2+ 40. Kg3 Qc3
41. Ra7 Kh8 42. Ra8 Rxa8 43. Bxa8 Qd4 44. Qe2 Kh7 45. Bc6 Qg1+ 46. Kh3 Qd4 47.
Qf3 Qa7 48. Kg2 Qe7 49. Kf1 Bc3 50. Kg2 1/2-1/2

[Event "SG Bochum 2 - LSV Turm Lippstadt 1"]
[Site "NRW-Klasse, Gruppe 1 2012/201"]
[Date "2013.01.20"]
[Round "5.7"]
[White "Schroeder, Kevin"]
[Black "Hobusch, Jan"]
[Result "1-0"]
[WhiteElo "2049"]
[BlackElo "2073"]
[PlyCount "52"]
[EventDate "2013.??.??"]
[WhiteTeam "LSV Turm Lippstadt 1"]
[BlackTeam "SG Bochum 2"]

1. e4 c5 2. Nf3 d6 3. d4 cxd4 4. Nxd4 Nf6 5. Nc3 a6 6. Bg5 e6 7. f4 Be7 8. Qf3
Nbd7 9. O-O-O Qc7 10. g4 b5 11. Bxf6 Nxf6 12. g5 Nd7 13. f5 Bxg5+ 14. Kb1 Ne5
15. Qh5 b4 16. Qxg5 bxc3 17. Qxg7 Rf8 18. fxe6 Qb7 19. Bb5+ axb5 20. Nf5 Bxe6
21. Nxd6+ Ke7 22. Nxb7 Bxa2+ 23. Kc1 Be6 24. bxc3 Nc4 25. Qg5+ f6 26. Qc5+ Kf7
1-0

[Event "SG Bochum 2 - LSV Turm Lippstadt 1"]
[Site "NRW-Klasse, Gruppe 1 2012/201"]
[Date "2013.01.20"]
[Round "5.8"]
[White "Tkachuk, Sergij"]
[Black "Kuckling, Hannah"]
[Result "1/2-1/2"]
[WhiteElo "2164"]
[BlackElo "1894"]
[PlyCount "100"]
[EventDate "2013.??.??"]
[WhiteTeam "SG Bochum 2"]
[BlackTeam "LSV Turm Lippstadt 1"]

1. e4 c5 2. Nf3 e6 3. d4 cxd4 4. Nxd4 Nc6 5. Nc3 Qc7 6. Be3 a6 7. Bd3 Nf6 8.
Nxc6 Qxc6 9. O-O d6 10. f4 Be7 11. a4 O-O 12. a5 Bd8 13. e5 dxe5 14. fxe5 Nd7
15. Bd4 Nxe5 16. Bxh7+ Kxh7 17. Bxe5 Kg8 18. Bxg7 Kxg7 19. Qg4+ Kh7 20. Rf3
Qc5+ 21. Kh1 Qg5 22. Rh3+ Kg7 23. Qc4 Rh8 24. Rxh8 Kxh8 25. Rf1 Kg8 26. Rf4
Qxa5 27. h4 Bc7 28. b4 Qe5 29. Ne2 Qa1+ 30. Kh2 Bxf4+ 31. Qxf4 Qg7 32. Ng3 Qh7
33. Qg5+ Qg6 34. Qe7 Kg7 35. Qc5 Qg4 36. Qe5+ f6 37. Nh5+ Kh6 38. Nxf6 Qxh4+
39. Kg1 Kg6 40. Ne8 Kf7 41. Nd6+ Kf8 42. g3 Qh6 43. Qc5 Qc1+ 44. Kh2 Qd2+ 45.
Kg1 Qd5 46. Qc7 Qd4+ 47. Kg2 Qd2+ 48. Kg1 Qe1+ 49. Kg2 Qe2+ 50. Kg1 Qe1+
1/2-1/2

[Event "SV Hattingen 1 - SC Bocholt 1"]
[Site "NRW-Klasse, Gruppe 1 2012/201"]
[Date "2013.01.20"]
[Round "5.1"]
[White "Steiner, Karl"]
[Black "De Vreugt, Dennis"]
[Result "0-1"]
[WhiteElo "1984"]
[BlackElo "2369"]
[PlyCount "72"]
[EventDate "2013.??.??"]
[WhiteTeam "SC Bocholt 1"]
[BlackTeam "SV Hattingen 1"]

1. d4 Nf6 2. Nf3 e6 3. c4 Bb4+ 4. Bd2 c5 5. Bxb4 cxb4 6. e3 O-O 7. Nbd2 d6 8.
Be2 b6 9. O-O Qc7 10. e4 e5 11. Qb3 a5 12. a3 Na6 13. axb4 Nxb4 14. Rfc1 Bb7
15. Qe3 Rae8 16. d5 Nd7 17. Ne1 Nc5 18. Nd3 Nbxd3 19. Bxd3 Bc8 20. Bc2 Bd7 21.
Nb1 b5 22. cxb5 Bxb5 23. Nc3 Rb8 24. Ba4 Ba6 25. Bd1 Bb5 26. Ba4 Bc4 27. Nd1
Rb4 28. b3 Ba6 29. Nb2 Rfb8 30. Rc3 Qb6 31. f3 h6 32. Rac1 Rd4 33. Rd1 Nxa4 34.
bxa4 Qxb2 35. Rxd4 exd4 36. Qxd4 Rb3 0-1

[Event "SV Hattingen 1 - SC Bocholt 1"]
[Site "NRW-Klasse, Gruppe 1 2012/201"]
[Date "2013.01.20"]
[Round "5.2"]
[White "Jonkman, Harmen"]
[Black "Liesmann, Karsten"]
[Result "1-0"]
[WhiteElo "2421"]
[BlackElo "1997"]
[Annotator "Doe,John"]
[PlyCount "71"]
[EventDate "2013.??.??"]
[WhiteTeam "SV Hattingen 1"]
[BlackTeam "SC Bocholt 1"]

1. e4 e6 2. d4 d5 3. e5 c5 4. c3 Nc6 5. Nf3 Qb6 6. a3 c4 7. Nbd2 Na5 8. Ng5 h6
9. Nh3 Bd7 10. Nf4 Ne7 11. Nh5 O-O-O 12. g3 Ng8 13. Qf3 f6 14. Nf4 Ne7 15. Bh3
fxe5 16. dxe5 Nac6 17. Qe2 Nf5 18. O-O Nce7 19. Nf3 g5 20. Nh5 Ng6 21. Nf6 Bc5
22. Bxf5 exf5 23. Nxd5 Qc6 24. Nf6 Be6 25. Be3 Bxe3 26. Qxe3 Rd3 $11 27. Nd4
Rxe3 28. Nxc6 Re2 29. Nd4 Rxe5 30. f4 gxf4 31. gxf4 Re3 32. Kf2 Rd3 33. Nxe6
Rd6 34. Rae1 Nf8 35. Nxf8 Rxf6 36. Re8+ 1-0

[Event "SV Hattingen 1 - SC Bocholt 1"]
[Site "NRW-Klasse, Gruppe 1 2012/201"]
[Date "2013.01.20"]
[Round "5.3"]
[White "Gajic, Goran"]
[Black "Jonker, Marc"]
[Result "1/2-1/2"]
[WhiteElo "1956"]
[BlackElo "2254"]
[PlyCount "44"]
[EventDate "2013.??.??"]
[WhiteTeam "SC Bocholt 1"]
[BlackTeam "SV Hattingen 1"]

1. d4 d6 2. Nf3 Bg4 3. e3 Nd7 4. Nbd2 Ngf6 5. Be2 c6 6. c3 e5 7. dxe5 dxe5 8.
O-O Be7 9. h3 Bh5 10. Nh4 Bxe2 11. Qxe2 g6 12. Nhf3 O-O 13. b3 Qc7 14. Bb2 Rfe8
15. c4 Bf8 16. Rfd1 a5 17. Nf1 Nc5 18. Qc2 Bg7 19. Ng3 h5 20. Ba3 Qb6 21. Rab1
Nfd7 22. Ne4 Nxe4 1/2-1/2

[Event "SV Hattingen 1 - SC Bocholt 1"]
[Site "NRW-Klasse, Gruppe 1 2012/201"]
[Date "2013.01.20"]
[Round "5.4"]
[White "Huette, Stefan"]
[Black "Robeling, Stephan"]
[Result "0-1"]
[WhiteElo "2013"]
[BlackElo "1897"]
[PlyCount "82"]
[EventDate "2013.??.??"]
[WhiteTeam "SV Hattingen 1"]
[BlackTeam "SC Bocholt 1"]

1. d4 Nf6 2. Bg5 e6 3. Nf3 Be7 4. e3 b6 5. Bd3 Bb7 6. Nbd2 d5 7. c3 Nbd7 8. O-O
O-O 9. Ne5 Ne4 10. Bf4 f6 11. Nxd7 Qxd7 12. Nxe4 dxe4 13. Bc4 Bd5 14. Be2 c5
15. f3 Rad8 16. Qe1 Bd6 17. fxe4 Bxe4 18. Qg3 Bxf4 19. Rxf4 f5 20. Qh3 Rf6 21.
Rh4 h6 22. Rf1 Rg6 23. Rf2 Qe7 24. Bh5 Rg5 25. Be2 Rg6 26. Bc4 Kh7 27. Be2 e5
28. Bf3 exd4 29. exd4 cxd4 30. cxd4 Rxd4 31. Rf4 Qe5 32. Bxe4 fxe4 33. Qe3 Rd1+
34. Rf1 Rxf1+ 35. Kxf1 Qxf4+ 36. Qxf4 Rf6 37. g3 Rxf4+ 38. gxf4 Kg6 39. Ke2 Kf5
40. Ke3 g5 41. fxg5 hxg5 0-1

[Event "SV Hattingen 1 - SC Bocholt 1"]
[Site "NRW-Klasse, Gruppe 1 2012/201"]
[Date "2013.01.20"]
[Round "5.5"]
[White "Hunhoff, Sebastian"]
[Black "Lindner-Emden, Carsten"]
[Result "1-0"]
[WhiteElo "1795"]
[BlackElo "1962"]
[PlyCount "69"]
[EventDate "2013.??.??"]
[WhiteTeam "SC Bocholt 1"]
[BlackTeam "SV Hattingen 1"]

1. c4 Nf6 2. Nc3 d6 3. e4 e5 4. g3 c6 5. Bg2 Be7 6. Nge2 Nbd7 7. O-O O-O 8. h3
a6 9. d3 b5 10. Be3 Rb8 11. Qd2 Nb6 12. b3 b4 13. Nd1 d5 14. Bxb6 Rxb6 15. cxd5
cxd5 16. Qb2 Qd6 17. Ne3 g6 18. exd5 Rb5 19. Nc4 Qd8 20. Nxe5 Nxd5 21. Nd4 Rc5
22. Ndc6 Qd6 23. Nxe7+ Nxe7 24. d4 Rc3 25. Rad1 Be6 26. Qe2 Rfc8 27. Rd2 Nf5
28. d5 Bd7 29. Nxd7 Qxd7 30. Qxa6 Qe7 31. d6 Qg5 32. d7 Rd8 33. Qe2 Rc7 34.
Qe8+ Kg7 35. Qe5+ 1-0

[Event "SV Hattingen 1 - SC Bocholt 1"]
[Site "NRW-Klasse, Gruppe 1 2012/201"]
[Date "2013.01.20"]
[Round "5.6"]
[White "Marx, Henning"]
[Black "Hunhoff, Andreas"]
[Result "1/2-1/2"]
[WhiteElo "1910"]
[BlackElo "1802"]
[Annotator "Doe,John"]
[PlyCount "45"]
[EventDate "2013.??.??"]
[WhiteTeam "SV Hattingen 1"]
[BlackTeam "SC Bocholt 1"]

1. d4 f5 2. Nf3 Nf6 3. c4 e6 4. Nc3 d6 5. g3 Be7 6. Bg2 O-O 7. O-O c6 8. Qc2 d5
9. cxd5 cxd5 10. Bf4 Nc6 11. e3 a6 12. Rfc1 Bd7 $11 13. a3 Rc8 14. Qd1 h6 15.
b4 g5 16. Be5 Ne4 17. Ne2 g4 18. Ne1 Nxe5 19. dxe5 Rxc1 20. Rxc1 a5 21. Qd4
axb4 22. axb4 Ng5 23. Nf4 1/2-1/2

[Event "SV Hattingen 1 - SC Bocholt 1"]
[Site "NRW-Klasse, Gruppe 1 2012/201"]
[Date "2013.01.20"]
[Round "5.7"]
[White "Boeing, Frank"]
[Black "Schwager, Georg"]
[Result "1-0"]
[WhiteElo "1872"]
[BlackElo "1853"]
[PlyCount "37"]
[EventDate "2013.??.??"]
[WhiteTeam "SC Bocholt 1"]
[BlackTeam "SV Hattingen 1"]

1. d4 Nf6 2. Nf3 e6 3. Bg5 Be7 4. e3 d5 5. Bd3 Nbd7 6. Nbd2 c5 7. c3 h6 8. Bh4
O-O 9. O-O g5 10. Bg3 Nh5 11. Be5 c4 12. Bc2 Nxe5 13. Nxe5 Nf6 14. f4 Nd7 15.
Qh5 Nxe5 16. fxe5 Kg7 17. Rf3 Qe8 18. Raf1 Bd7 19. Rf6 1-0